The SAGE dictionary of statistics: a practical resource for students in the social sciences (Record no. 56915)

MARC details
000 -LEADER
fixed length control field 00816nam a2200205 a 4500
008 - FIXED-LENGTH DATA ELEMENTS--GENERAL INFORMATION
fixed length control field 081211s2004 ||||||||||||||||| || u
020 ## - INTERNATIONAL STANDARD BOOK NUMBER
International Standard Book Number 076194138X
050 ## - LIBRARY OF CONGRESS CALL NUMBER
Classification number HA 17 CRA
100 ## - MAIN ENTRY--PERSONAL NAME
Personal name Howitt, Dennis
245 14 - TITLE STATEMENT
Title The SAGE dictionary of statistics: a practical resource for students in the social sciences
Statement of responsibility, etc. Duncan Cramer; Dennis Hoeitt
260 ## - PUBLICATION, DISTRIBUTION, ETC.
Place of publication, distribution, etc. London
Name of publisher, distributor, etc. SAGE Publications
Date of publication, distribution, etc. 2004
300 ## - PHYSICAL DESCRIPTION
Extent x, 188p.: ill.
350 ## - PRICE (NR) (BK AM CF MU VM SE) [OBSOLETE]
Price 0.00
650 ## - SUBJECT ADDED ENTRY--TOPICAL TERM
Topical term or geographic name entry element STATISTICS--DICTIONARIES
650 ## - SUBJECT ADDED ENTRY--TOPICAL TERM
Topical term or geographic name entry element SOCIAL SCIENCES--METHODOLOGY--DICTIONARIES
650 ## - SUBJECT ADDED ENTRY--TOPICAL TERM
Topical term or geographic name entry element SOCIAL SCIENCES--STATISTICAL METHODS--DICTIONARIES
650 #3 - SUBJECT ADDED ENTRY--TOPICAL TERM
Topical term or geographic name entry element P0PULATION STATISTICS
700 ## - ADDED ENTRY--PERSONAL NAME
Personal name Cramer, Duncan
995 ## - RECOMMENDATION 995 [LOCAL, UNIMARC FRANCE]
-- 0.00
-- CBU-MAIN LIBRARY (Kitwe)
-- 1
-- 0.00
-- 1
-- REFERENCE
-- Jan 27, 2009
-- Reference Collection
Holdings
Withdrawn status Lost status Source of classification or shelving scheme Damaged status Not for loan Home library Current library Shelving location Date acquired Total Checkouts Full call number Barcode Date last seen Price effective from Koha item type
          CBU-MAIN LIBRARY, KITWE. CBU-MAIN LIBRARY, KITWE.   11/30/2022   HA 17 CRA 739044 11/30/2022 11/30/2022 MONOGRAPH